000 00295nam a22001217a 4500
020 _aNA
082 _222
_a621.3819
100 _aSalivahanan, S. and Arivazhangan, S.
245 _aDigital circuits and design /
260 _bVikas Publishing,
_cc2005.
300 _a0
_bill. ;
942 _2ddc
_cEE
_01
999 _c3993
_d3993